| 000 | 00762nam a22001457a 4500 | ||
|---|---|---|---|
| 003 | OSt | ||
| 005 | 20160219083734.0 | ||
| 008 | 160219b xxu||||| |||| 00| 0 eng d | ||
| 040 | _cRUA | ||
| 082 | _aMNR SUO 2014 B426 O.1 | ||
| 100 |
_97333 _aSUON PAGNASAK; សួន បញ្ញាស័ក្ត |
||
| 245 | _aRural livelihood adaptive capacity to flood and drougth in pursat province, សមត្ថភាពមុខរបរចិញ្ចឹមជីវិតប្រជាជនជនបទក្នុងការបន្សុំទៅនឹងគ្រោះទឹកជំនន់ និងគ្រោះរាំងស្ងួតនៅក្នុងខេត្តពោធិសាត់ | ||
| 300 |
_axii,58p. _bill. _c29cm. |
||
| 942 |
_2ddc _cMNR |
||
| 999 |
_c6912 _d6912 |
||